000 00245nam a2200097Ia 4500
001 653849
005 20250826154506.0
008 250824s9999 xx 000 0 und d
245 0 _aMENEKŞE İSTASYONU
_cÖMER AÇIK
260 _bGÜNIŞIĞI YAYINLARI
999 _c653849
_d653849